| 000 | 00441cam a2200193ua 4500 | ||
|---|---|---|---|
| 001 | 9130 | ||
| 005 | 20260515114428.0 | ||
| 008 | 150221n ii |||gr||||Z||||||eng | ||
| 020 | _a978019809078 | ||
| 040 | _cMAIN | ||
| 041 | _aeng | ||
| 082 | _a821 | ||
| 245 | 1 |
_aEffuions _bAnthology of english prose and poetry |
|
| 250 | _a1st. | ||
| 260 |
_aNew Delhi: _bOxford, _c2013. |
||
| 300 | _ax,48p. | ||
| 653 | _aEnglish poetry | ||
| 942 | _cBK | ||
| 999 |
_c8195 _d8195 |
||